LEADER 00872cam0 2200277 450 001 E600200072875 005 20200506071612.0 010 $a3534012941 100 $a20110322d1985 |||||ita|0103 ba 101 $ager 102 $aDE 200 1 $aMachiavelli$fAugust, Buck 210 $aDarmstadt$cBuchgesellschaft$d1985 215 $aXII,196p.$d22cm 225 2 $aErträge der Forschung$v226 410 1$1001LAEC00017299$12001 $a*Erträge der Forschung$v226 700 1$aBuck$b, August$3A600200035559$4070$0152370 801 0$aIT$bUNISOB$c20200506$gRICA 850 $aUNISOB 852 $aUNISOB$j100$m62081 912 $aE600200072875 940 $aM 102 Monografia moderna SBN 941 $aM 957 $a100$b005600$gSi$d62081$racquisto$1pregresso2$2UNISOB$3UNISOB$420110322085226.0$520200506071549.0$6Spinosa 996 $aMachiavelli$91697761 997 $aUNISOB